| 000 | 04916ncm0a2200433 4500 | ||
|---|---|---|---|
| 001 | RU\NLR\ONIZ\217371 | ||
| 005 | 20250626062546.0 | ||
| 035 | _a(NLR Aleph) 011414868 | ||
| 090 |
_a11578782 _c11578782 |
||
| 100 | _a20170511d2016 |||y0rusy50 ca | ||
| 101 | 0 | _arus | |
| 102 | _aRU | ||
| 125 | _aab | ||
| 145 | 0 | _ab | |
| 200 | 1 |
_aВ лесу родилась елочка _bНоты _e4 шуточных пьесы-коллажа _e[для скрипки, виолончели и фп.] _fА. Оратовский |
|
| 210 |
_aСанкт-Петербург _c[Б. и.] _d2016 |
||
| 215 |
_a37, [2] с., 2 парт. (8, 8 с.) _cил. _d29 см |
||
| 300 | _aСодерж. на тит. л. | ||
| 300 | _aЛит. текст и перечень произведений, вошедших в коллаж: с. [1-2] | ||
| 313 | _aСистематизация документа проведена по изданию - Методика классифицирования музыкальных произведений (нотных изданий) по таблицам Библиотечно-библиографических классификаций : метод. рекомендации / Гос. б-ка СССР им. В.И. Ленина.- М., 1977. Индексу ББК методических рекомендаций присваивается код ББК для научных библиотек - LBC/SL | ||
| 316 |
_6b11899 _aНа тит. л.: автограф композитора _5NLR |
||
| 327 | 1 |
_a1. В лесу родилась елочка : (новогодний сон ученика музыкальной школы) / пересказал А. Оратовский. _a2. Полет шмеля над гнездом кукушки / шмель: Н. Римский-Корсаков ; пролетают: Л. Дакен, П. Дюка, П. Чайковский, Н. Паганини, Р. Вагнер ; диспетчер полета: А. Оратовский. _a3. Привет из Бонна / от Л. ван Бетховена ; передал А. Оратовский, хотя Бетховен его об этом и не просил. _a4. Русская окрошка |
|
| 464 | 0 |
_12001#$aВ лесу родилась елочка$e(новогодний сон ученика музыкальной школы)$fпересказал А. Оратовский _1215##$aС.4-15 _tВ лесу родилась елочка |
|
| 464 | 0 |
_12001#$aПолет шмеля над гнездом кукушки$fшмель: Н. Римский-Корсаков$gпролетают: Л. Дакен, П. Дюка, П. Чайковский, Н. Паганини, Р. Вагнер$gдиспетчер полета: А. Оратовский _1215##$aС.16-25 _1702#1$9z01790$aРимский-Корсаков$bН. А.$gНиколай Андреевич$f1844–1908$4245$7ca _1702#1$9z02790$aДакен$bЛ.К.$gЛуи-Клод$f1694-1772$4245$7ca _1702#1$9z03790$aДюка$bП. А.$gПоль Абрахам$f1865-1935$4245$7ca _1702#1$9z04790$aЧайковский$bП. И.$gПетр Ильич$f1840–1893$4245$7ca _1702#1$9z05790$aПаганини$bН.$gНиколо$f1782-1840$4245$7ca _1702#1$9z06790$aВагнер$bР.$gРихард$f1813-1883$4245$7ca _1790#1$9z01702$aRimskij-Korsakov$bN. A.$gNicolaj Andreevich$f1844–1908$4245$7ba _1790#1$9z02702$aDaquin$bL.C.$gLouis-Claude$f1694-1772$4245$7ba _1790#1$9z03702$aDukas$bP. A.$gPaul Abraham$f1865-1935$4245$7ba _1790#1$9z04702$aTchaikovsky$bP. I.$gPeter Ilyich$f1840-1893$4245$7ba _1790#1$9z05702$aPaganini$bN.$gNicolò$f1782-1840$4245$7ba _1790#1$9z06702$aWagner$bR.$gRichard$f1813-1883$4245$7ba _tПолет шмеля над гнездом кукушки |
|
| 464 | 0 |
_12001#$aПривет из Бонна$fот Л. ван Бетховена$gпередал А. Оратовский, хотя Бетховен его об этом и не просил _1215##$aС.26-31 _1702#1$9z01790$aБетховен$bЛ. ван$gЛюдвиг ван$f1770-1827$4245$7ca _1790#1$9z01702$aBeethoven$bL. van$gLudwig van$f1770-1827$4245$7ba _tПривет из Бонна |
|
| 464 | 0 |
_12001#$aРусская окрошка _1215##$aС.32-37 _tРусская окрошка |
|
| 606 | 1 |
_aМузыканты смеются _yРоссия _z20-21 вв. _jНоты _2nlr_sh |
|
| 606 | 1 |
_aПроизведения для струнного ансамбля и фортепиано _jНоты _2nlr_sh |
|
| 686 |
_aЩ952.542.8(2Р)я44 _vLBC/SL _2rubbk |
||
| 700 | 1 |
_9z01790 _aОратовский _bА. С. _f1950- _gАлександр Семёнович _4030 _7ca |
|
| 790 | 1 |
_9z01700 _aOratovskij _bA. S. _f1950- _gAleksandr Semenovich _4030 _7ba |
|
| 801 | 0 |
_aRU _bNLR _c20170511 _gPSBO |
|
| 801 | 1 |
_aRU _bNLR _c20170511 _2rusmarc |
|
| 801 | 2 |
_aRU _bNLR _c20180917 |
|
| 852 |
_6b11316 _aNLR _bМ _j986/787 _p258925 _t1 |
||
| 942 | _cSCORE | ||
| 980 | _aNB | ||
| 980 | _aONIZ | ||